Kísérlet egy önkéntes nemzetközi társadalomtudományi etikai kódex létrehozására
Elmentve itt :
| Szerző: | |
|---|---|
| Adatforrás: | Philobibl |
| Forrásdokumentuma: | Társadalomkutatás 23.2005:2. 305-317. p. |
| Dokumentumtípus: | Cikk |
| Nyelv: | magyar |
| Kulcsszavak: | etika |
| Megjelent: |
2005
|
| LEADER | 00391nab a2200121 c 4500 | ||
|---|---|---|---|
| 001 | bibPHI0029513 | ||
| 005 | 20200924122515.3 | ||
| 008 | 070118s2005 xx hun | ||
| 100 | 1 | |a Tamási Péter | |
| 245 | 1 | 0 | |a Kísérlet egy önkéntes nemzetközi társadalomtudományi etikai kódex létrehozására |c Tamási Péter |
| 260 | |c 2005 | ||
| 695 | |a etika | ||
| 773 | 0 | |t Társadalomkutatás |g 23.2005:2. 305-317. p. | |